Psych Characters - Statistics

General Stats
  • This quiz has been taken 77 times
  • The average score is 5 of 15
Answer Stats
Hint Answer % Correct
Gus's sister Joy
73%
Juliet's brother Ewan O'Hara
59%
Lassiter's ex-wife Victoria
46%
Lassiter's daughter Lily
45%
Shawn's mother Madeline
43%
Juliet's father Frank O'Hara
38%
Mary Lightly's pet mouse/rat Ben
23%
Mary Lightly's great-great-great grandfather Craig
23%
Gus's fictional cat Mrs Pickles
23%
Lassiter's sister's real name Lauren Lassiter
20%
Anthony Michael Hall Harris Trout
18%
Marlowe's last name (before Lassiter) Viccellio
16%
Chief Vick's sister Barbara Dunlap
13%
Lassiter's nickname for his sister Lou-lou, Louis
13%
Juliet's step-father Lloyd French
7%
No matching quizzes found
Score Distribution
Percent of People with Each Score
Percentile by Number Answered
Your Score History
You have not taken this quiz